<?xml version="1.0" encoding="UTF-8"?>
<record
    xmlns:xsi="http://www.w3.org/2001/XMLSchema-instance"
    xsi:schemaLocation="http://www.loc.gov/MARC21/slim http://www.loc.gov/standards/marcxml/schema/MARC21slim.xsd"
    xmlns="http://www.loc.gov/MARC21/slim">

  <leader>00729nam a22001697a 4500</leader>
  <controlfield tag="005">20260422120202.0</controlfield>
  <controlfield tag="008">260422b        |||||||| |||| 00| 0 eng d</controlfield>
  <datafield tag="022" ind1=" " ind2=" ">
    <subfield code="a">978-81-203-4707-6</subfield>
  </datafield>
  <datafield tag="050" ind1=" " ind2=" ">
    <subfield code="a">QA 76.9 .M 3 J 493 2013</subfield>
  </datafield>
  <datafield tag="100" ind1=" " ind2=" ">
    <subfield code="a">JHA, DAVENDRANATH G</subfield>
  </datafield>
  <datafield tag="245" ind1=" " ind2=" ">
    <subfield code="a">COMPUTER CONCEPTS AND MANAGEMENT INFORMATION SYSTEMS</subfield>
  </datafield>
  <datafield tag="250" ind1=" " ind2=" ">
    <subfield code="a">2</subfield>
  </datafield>
  <datafield tag="260" ind1=" " ind2=" ">
    <subfield code="a">DELHI,</subfield>
    <subfield code="b">PHI LEARNING PRIVATE LIMITED,</subfield>
    <subfield code="c">2013,</subfield>
  </datafield>
  <datafield tag="500" ind1=" " ind2=" ">
    <subfield code="a">INCLUDES BIBLIOGRAPHICAL REFERENCES AND INDEX</subfield>
  </datafield>
  <datafield tag="650" ind1=" " ind2=" ">
    <subfield code="a">1. Management information systems-Textbooks  2.Computer science-Textbooks 3. Decision support systems-Textbooks 4. Information technology-Management-Textbooks                                                                       </subfield>
  </datafield>
  <datafield tag="942" ind1=" " ind2=" ">
    <subfield code="2">lcc</subfield>
    <subfield code="c">BK</subfield>
  </datafield>
  <datafield tag="999" ind1=" " ind2=" ">
    <subfield code="c">217048</subfield>
    <subfield code="d">217048</subfield>
  </datafield>
  <datafield tag="952" ind1=" " ind2=" ">
    <subfield code="0">0</subfield>
    <subfield code="1">0</subfield>
    <subfield code="2">lcc</subfield>
    <subfield code="4">0</subfield>
    <subfield code="6">QA00769 M3 J493  02013</subfield>
    <subfield code="7">0</subfield>
    <subfield code="8">SCT</subfield>
    <subfield code="9">377256</subfield>
    <subfield code="a">KSUL</subfield>
    <subfield code="b">KSUL</subfield>
    <subfield code="c">DISPLAY</subfield>
    <subfield code="d">2026-04-22</subfield>
    <subfield code="i">113164</subfield>
    <subfield code="l">0</subfield>
    <subfield code="o">QA 76.9 .M 3 J 493 2013</subfield>
    <subfield code="p">A001815</subfield>
    <subfield code="r">2026-04-22 11:31:48</subfield>
    <subfield code="t">1</subfield>
    <subfield code="w">2026-04-22</subfield>
    <subfield code="y">BK</subfield>
  </datafield>
  <datafield tag="952" ind1=" " ind2=" ">
    <subfield code="0">0</subfield>
    <subfield code="1">0</subfield>
    <subfield code="2">lcc</subfield>
    <subfield code="4">0</subfield>
    <subfield code="6">QA00769 M3 J493  02013</subfield>
    <subfield code="7">0</subfield>
    <subfield code="8">SCT</subfield>
    <subfield code="9">377257</subfield>
    <subfield code="a">KSUL</subfield>
    <subfield code="b">KSUL</subfield>
    <subfield code="c">DISPLAY</subfield>
    <subfield code="d">2026-04-22</subfield>
    <subfield code="i">113165</subfield>
    <subfield code="l">0</subfield>
    <subfield code="o">QA 76.9. M 3 J 493 2013</subfield>
    <subfield code="p">A001816</subfield>
    <subfield code="r">2026-04-22 11:34:00</subfield>
    <subfield code="t">2</subfield>
    <subfield code="w">2026-04-22</subfield>
    <subfield code="y">BK</subfield>
  </datafield>
  <datafield tag="952" ind1=" " ind2=" ">
    <subfield code="0">0</subfield>
    <subfield code="1">0</subfield>
    <subfield code="2">lcc</subfield>
    <subfield code="4">0</subfield>
    <subfield code="6">QA00769 M3 J493  02013</subfield>
    <subfield code="7">0</subfield>
    <subfield code="8">SCT</subfield>
    <subfield code="9">377258</subfield>
    <subfield code="a">KSUL</subfield>
    <subfield code="b">KSUL</subfield>
    <subfield code="c">DISPLAY</subfield>
    <subfield code="d">2026-04-22</subfield>
    <subfield code="i">113166</subfield>
    <subfield code="l">0</subfield>
    <subfield code="o">QA 76.9 .M 3 J 493 2013</subfield>
    <subfield code="p">A001817</subfield>
    <subfield code="r">2026-04-22 11:34:00</subfield>
    <subfield code="t">3</subfield>
    <subfield code="w">2026-04-22</subfield>
    <subfield code="y">BK</subfield>
  </datafield>
  <datafield tag="952" ind1=" " ind2=" ">
    <subfield code="0">0</subfield>
    <subfield code="1">0</subfield>
    <subfield code="2">lcc</subfield>
    <subfield code="4">0</subfield>
    <subfield code="6">QA00769 M3 J493  02013</subfield>
    <subfield code="7">0</subfield>
    <subfield code="8">SCT</subfield>
    <subfield code="9">377259</subfield>
    <subfield code="a">KSUL</subfield>
    <subfield code="b">KSUL</subfield>
    <subfield code="c">DISPLAY</subfield>
    <subfield code="d">2026-04-22</subfield>
    <subfield code="i">113167</subfield>
    <subfield code="l">0</subfield>
    <subfield code="o">QA 76.9 .M 3 J 493 2013</subfield>
    <subfield code="p">A001818</subfield>
    <subfield code="r">2026-04-22 11:48:37</subfield>
    <subfield code="t">4</subfield>
    <subfield code="w">2026-04-22</subfield>
    <subfield code="y">BK</subfield>
  </datafield>
</record>
